Sanat - "Mökin väki" - Statistics

Yleistilastot
  • Tätä visaa on pelattu 2 kertaa
  • Keskiarvotulos 43 / 89
Vastaustilastot
Vastaus % Oikein
mökin
100%
mökki
100%
väki
100%
asuu
50%
halot
50%
Heikki
50%
Heikki
50%
hiihtelevät
50%
Illan
50%
juoksee
50%
Jussi
50%
Jussi
50%
Kaisa
50%
Kaisa
50%
kantaa
50%
kasvot
50%
käydään
50%
keiton
50%
keitteleepi
50%
kelkal
50%
koko
50%
kuorii
50%
laidas
50%
lapset
50%
laskettaa
50%
Lassi
50%
Lassi
50%
lasta
50%
leikit
50%
leikitään
50%
lentää
50%
lentää
50%
Liisa
50%
Liisa
50%
loppuu
50%
lumipallot
50%
Lunta
50%
lunta
50%
Maija
50%
Maijakin
50%
maistelee
50%
Metsän
50%
Mökis
50%
ne
50%
nukkumaan
50%
onnen
50%
pakkanenkin
50%
paneepi
50%
patahan
50%
paukahtaa
50%
Pekka
50%
Pekka
50%
perunoita
50%
pestään
50%
pian
50%
pieni
50%
pilvihin
50%
poika
50%
pojat
50%
puhtahiksi
50%
puita
50%
puna
50%
pyöritetään
50%
sahaa
50%
savupiipust
50%
seisoo
50%
seitsemän
50%
sekä
50%
sitten
50%
Suksil
50%
suolaa
50%
sytyttää
50%
taivaan
50%
tulen
50%
tullen
50%
tupaan
50%
tupahan
50%
tupruu
50%
tytöt
50%
uinahtaa
50%
unta
50%
valkoinen
50%
ylös
50%
eukko
0%
hakkaapi
0%
lumisotaa
0%
pieniks
0%
sauhu
0%
ukko
0%
Ehtoja vastaavia visoja ei löytynyt
Tulosjakauma
Jokaisen tuloksen saaneiden osuus
Persentiili vastausten määrän mukaan
Tuloshistoriasi
Et ole pelannut tätä visaa